| 000 | 01109nam a2200277 a 4500 | ||
|---|---|---|---|
| 001 | BRCA_5474 | ||
| 005 | 20190320205108.0 | ||
| 008 | 020211s2008----mx-a######---#000-0#spa-# | ||
| 020 | _a97896858271109 | ||
| 041 | _aspa | ||
| 044 | _amx | ||
| 050 | 4 |
_aN6754 _b.C37 2008 |
|
| 245 | 1 | 0 |
_aLa carne y el color _bMusée des Beaux-Arts de Rennes, Museo Nacional de Arte _c[textos, Francois Coulon ... [et al.]. |
| 260 |
_aMéxico _bMuseo Nacional de Arte : Musée des Beaux-Arts de Rennes _c2008 |
||
| 300 |
_a259 p. _bil. _c32 cm. |
||
| 500 | _aIncluye lista catalográfica | ||
| 500 | _aCatálogo de la exposición realizada en el Museo Nacional de Arte (Ciudad de México), julio-octubre, 2008 | ||
| 650 | 1 | 4 |
_aArte europeo _vExposiciones _xTemas, motivos _913989 |
| 650 | 1 | 4 |
_aPintura mexicana _vExposiciones _xTemas, motivos _913990 |
| 650 | 1 | 4 |
_aArte _vExposiciones _zFrancia _92152 |
| 650 | 1 | 4 |
_aPintura _vExposiciones _zMéxico _96508 |
| 700 | 1 |
_aCoulon, Francois _913991 |
|
| 710 | 2 |
_aMusée des Beaux-Arts de Rennes _913992 |
|
| 710 | 2 |
_aMuseo Nacional de Arte (Ciudad de México) _913993 |
|
| 942 |
_2lcc _cB |
||
| 999 |
_c5168 _d5168 |
||